Statistics for George Thorogood Discography

Click here to take the quiz!

General Stats

  • This quiz has been taken 2 times
  • The average score is 2 of 27

Answer Stats

TypeYearName% Correct
Album1982Bad to the Bone
100%
Album1978Move It On Over
50%
Album20112120 South Michigan Ave.
0%
Live Album200430th Anniversary Tour: Live
0%
Compilation2000Anthology
0%
Album1979Better Than the Rest
0%
Album1991Boogie People
0%
Album1988Born to be Bad
0%
Album1977George Thorogood and the Destroyers
0%
Compilation2004Greatest Hits: 30 Years of Rock
0%
Album1993Haircut
0%
Album1999Half a Boy/Half a Man
0%
Live Album1986Live
0%
Live Album1999Live in '99
0%
Live Album2010Live in Boston 1982
0%
Live Album1995Live: Let's Work Together
0%
Album1985Maverick
0%
Album1980More George Thorogood and the Destroyers
0%
Reissued Album1986Nadine
0%
Album2003Ride 'Til I Die
0%
Album1997Rockin' My Life Away
0%
Compilation2007Taking Care of Business
0%
Compilation1992The Baddest of George Thorogood and the Destroyers
0%
Compilation2005The Best of George Thorogood and the Destroyers
0%
Album2009The Dirty Dozen
0%
Album2006The Hard Stuff
0%
Compilation2003Who Do You Love?
0%

Score Distribution

Percentile by Number Answered

Percent of People with Each Score

Your Score History

You have not taken this quiz